000 00337nam a22001577a 4500
003 SGT
020 _a9788789798536
082 _a615,53.
_bC22S
100 _aSASTRI, KASINATHA
245 _aCARAKA SAMHITA
260 _aVARANASI
_bCHAKHAMBHA PUB.
_c2022
300 _a920
650 _aCARAKA
653 _aCARAKA
942 _2ddc
_cBK
_01
999 _c24302
_d24302